| 000 | 01162nam a22003017a 4500 | ||
|---|---|---|---|
| 003 | EG-ScBUE | ||
| 005 | 20220607093844.0 | ||
| 008 | 090708s2003 enka f 000 0 eng d | ||
| 020 | _a978052154491 | ||
| 020 | _a0521754496 | ||
| 040 |
_aEG-ScBUE _beng _erda _cEG-ScBUE _dEG-ScBUE |
||
| 082 | 0 | 4 |
_222 _a428.24071 _bSWE |
| 100 | 1 |
_97788 _aSweeney, Simon, _eauthor. |
|
| 245 | 1 | 0 |
_aEnglish for business communication : _ba short course consisting of five modules, cultural diversity and socialising, telephoning, presentations, meetings and negotiations, _pStudent’s book / _cSimon Sweeney. |
| 246 | 3 | 0 | _aStudent’s book |
| 250 | _aSecond edition. | ||
| 264 | 1 |
_aCambridge : _bCambridge University Press, _c2003. |
|
| 300 |
_a174 pages : _billustrations ; _c25 cm |
||
| 336 |
_2rdacontent _atext _btxt |
||
| 337 |
_2rdamedia _aunmediated _bn |
||
| 338 |
_2rdacarrier _avolume _bnc |
||
| 650 | 7 |
_97783 _aEnglish language _xBusiness English _xStudy and teaching. _2BUEsh |
|
| 650 | 7 |
_914521 _aEnglish language _vProblems, exercises, etc. _xBusiness English. _2BUEsh |
|
| 651 | _2BUEsh | ||
| 653 | _bHHUUEENN | ||
| 655 |
_vReading book _934232 |
||
| 942 |
_2ddc _cBB |
||
| 999 |
_c12263 _d12263 |
||